| 000 | 00580cam a2200193 4500500 | ||
|---|---|---|---|
| 005 | 20260329001632.0 | ||
| 041 | _afre | ||
| 042 | _adc | ||
| 100 | 1 | 0 |
_aJeancourt-Galignani, Oriane _eauthor |
| 245 | 0 | 0 | _aCécile Renouard. Sœur Justice |
| 260 | _c2008. | ||
| 500 | _a93 | ||
| 690 | _aAfrique | ||
| 690 | _aDéveloppement | ||
| 690 | _aReligieuse | ||
| 690 | _aSpiritualité | ||
| 786 | 0 | _nPhilosophie magazine | 21 | 7 | 2008-07-01 | p. 6-6 | 1951-1787 | |
| 856 | 4 | 1 | _uhttps://shs.cairn.info/magazine-philosophie-magazine-2008-7-page-6?lang=fr&redirect-ssocas=7080 |
| 999 |
_c1807173 _d1807173 |
||